Les 250 meilleures cartes Fifa de tous les temps - Statistiques

Statistiques générales
  • Ce quiz a été pris 998 fois
  • Le résultat moyen est 165 sur 250
Statistiques - réponses
Note Joueur % Correct
95 | 96 | 97 | +2 others Messi
99%
95 | 96 | 97 | +2 others Ronaldo
99%
98 | 99 Pele
89%
97 | 98 Mbappé
86%
96 | 97 | 98 | 99 Neymar
85%
97 | 98 | 99 Maradona
74%
97 Zidane
73%
97 | 98 Benzema
69%
96 | 97 | 99 Modric
66%
97 | 98 Haaland
63%
96 | 97 | 98 | 99 Lewandowski
62%
95 | 96 | 97 | +2 others Suarez
60%
99 De Bruyne
59%
95 | 97 | 98 | 99 De bruyne
59%
95 | 96 | 97 | 98 Neuer
59%
96 | 97 | 98 Ramos
58%
95 | 96 Iniesta
55%
98 | 99 Van dijk
54%
97 | 98 | 99 Salah
50%
98 Bale
45%
98 Henry
45%
97 | 98 Mane
43%
98 Griezmann
42%
97 | 98 | 99 Kante
41%
98 Buffon
40%
96 | 97 | 98 Ibrahimovic
40%
98 Kane
40%
97 Pogba
40%
97 | 98 | 99 Hazard
36%
96 | 98 Ribery
35%
95 | 96 Robben
34%
97 | 99 Varane
33%
95 Casillas
32%
97 Alisson
31%
97 | 98 Cavani
28%
97 Aguero
27%
97 | 99 Dembele
27%
97 Bellingham
22%
99 Firmino
22%
95 Lahm
21%
98 Reus
21%
98 Lukaku
19%
97 De gea
17%
98 Dybala
16%
98 Garrincha
16%
98 Verratti
16%
98 Foden
14%
98 Higuain
12%
98 Sanchez
9%
96 Totti
9%
97 Leao
8%
96 Godin
6%
96 | 97 Isco
6%
97 Osimhen
6%
97 | 98 Ben yedder
5%
98 Acuna
4%
98 Depay
4%
95 Maguire
4%
97 Schweinsteiger
4%
98 Alvarez
3%
98 Eriksen
3%
98 Koulibaly
3%
98 Kounde
3%
97 Martial
3%
95 Hulk
2%
98 Perisic
2%
98 Pope
2%
96 Chielleni
1%
Aucun quiz correspondant
Distribution des résultats
% des personnes avec chaque résultat
Percentile par nombre de réponses
Votre historique - résultats
Vous n’avez pas pris ce quiz